[Event "Nakhchivan 100th Ann Rep op"]
[Site "Nakhchivan"]
[Date "2024.01.14"]
[Round "7"]
[White "Seyidli, Mirsaleh"]
[Black "Kul, Ozdemir Efe"]
[Result "1/2-1/2"]
[WhiteElo "1775"]
[BlackElo "2223"]
[PlyCount "74"]
[EventDate "2024.01.10"]
[EventType "swiss"]
[EventRounds "9"]
[EventCountry "AZE"]
[SourceTitle "CBM 218 Extra"]
[Source "ChessBase"]
[SourceDate "2024.03.31"]
[SourceVersion "1"]
[SourceVersionDate "2024.03.31"]
[SourceQuality "1"]

1. b3 d6 2. Bb2 Nf6 3. d4 g6 4. g3 Bg7 5. Bg2 0-0 6. Nf3 Nc6 7. 0-0 e5 8. dxe5 Ng4 9. c4 Ngxe5 10. Nxe5 Nxe5 11. Nc3 Be6 12. Qd2 Rb8 13. f4 Nd7 14. e4 f5 15. exf5 Bxf5 16. h3 h5 17. Bd5+ Kh8 18. g4 hxg4 19. hxg4 Bxg4 20. Ne4 Bxb2 21. Qxb2+ Nf6 22. Ng5 c6 23. Be6 Qb6+ 24. Kg2 Bh5 25. Rae1 d5 26. Qe5 Rbe8 27. f5 Kg7 28. fxg6 Bxg6 29. cxd5 cxd5 30. Rc1 Re7 31. Rc8 Be8 32. Rh1 Kg6 33. Bf5+ Kxg5 34. Qxe7 Qd4 35. Qxf8 Qd2+ 36. Kf3 Qf4+ 37. Ke2 Bb5+ 1/2-1/2

[Event "TUR Cup"]
[Site "Adapazari"]
[Date "2022.04.01"]
[Round "11"]
[White "Kul, Ozdemir Efe"]
[Black "Durucay, Uygar"]
[Result "1-0"]
[WhiteElo "2042"]
[BlackElo "1842"]
[PlyCount "83"]
[EventDate "2022.03.25"]
[EventType "swiss"]
[EventRounds "11"]
[EventCountry "TUR"]
[SourceTitle "EXT 2023"]
[Source "ChessBase"]
[SourceDate "2022.10.05"]
[SourceVersion "1"]
[SourceVersionDate "2022.10.05"]
[SourceQuality "1"]

1. e4 c6 2. d3 d5 3. Nd2 dxe4 4. dxe4 g6 5. Ngf3 Bg7 6. a4 Nf6 7. Bc4 0-0 8. 0-0 Bg4 9. Qe2 Qc7 10. h3 Bxf3 11. Nxf3 Nfd7 12. c3 c5 13. Be3 Nc6 14. Nd2 e5 15. Rac1 Rae8 16. Rfd1 b6 17. b4 Kh8 18. Nb3 f5 19. f3 fxe4 20. fxe4 Nf6 21. Bd5 Nh5 22. bxc5 Nf4 23. Qb5 Ne7 24. cxb6 axb6 25. Bxb6 Qc8 26. Rc2 Nexd5 27. exd5 Qf5 28. Rf2 Qg5 29. Kh1 Qg3 30. Qf1 Nh5 31. Rf3 Qg5 32. Qf2 e4 33. Qe3 Qh4 34. Rxf8+ Rxf8 35. Bd4 Bxd4 36. Nxd4 Rf2 37. Ne6 Ng3+ 38. Kg1 Rf7 39. Qg5 Qxg5 40. Nxg5 Ne2+ 41. Kh2 Rf8 42. Nxe4 1-0

[Event "TUR Cup"]
[Site "Adapazari"]
[Date "2022.03.28"]
[Round "6"]
[White "Tahaoglu, Erkin"]
[Black "Kul, Ozdemir Efe"]
[Result "1-0"]
[WhiteElo "1694"]
[BlackElo "2042"]
[PlyCount "113"]
[EventDate "2022.03.25"]
[EventType "swiss"]
[EventRounds "11"]
[EventCountry "TUR"]
[SourceTitle "EXT 2023"]
[Source "ChessBase"]
[SourceDate "2022.10.05"]
[SourceVersion "1"]
[SourceVersionDate "2022.10.05"]
[SourceQuality "1"]

1. e4 c5 2. Nf3 Nc6 3. Nc3 e5 4. Bc4 g6 5. d3 h6 6. h4 d6 7. Nd2 Bg7 8. Nf1 Nge7 9. Ne3 0-0 10. h5 g5 11. g4 Be6 12. Ncd5 Bxd5 13. Nxd5 Nxd5 14. Bxd5 Rb8 15. a4 Ne7 16. Bb3 d5 17. Qf3 dxe4 18. dxe4 Nc6 19. c3 Qe7 20. 0-0 Rbd8 21. Be3 b6 22. Rad1 Na5 23. Bd5 c4 24. Qe2 Rc8 25. Qc2 Rc7 26. Kg2 Rfc8 27. Ra1 Bf8 28. f3 Qf6 29. Bf2 Bd6 30. Bg3 Kg7 31. Kh3 Qe7 32. Rae1 Qe8 33. Rd1 Bc5 34. Qh2 f6 35. f4 gxf4 36. Bxf4 exf4 37. Qxf4 Qe5 38. Qd2 Qg5 39. Qg2 Be7 40. Rf5 Qe3+ 41. Rf3 Qg5 42. Rdf1 Kh8 43. Rf5 Qg7 44. e5 Rf8 45. Qf3 Bc5 46. exf6 Qh7 47. Be4 Qd7 48. Qf4 Rf7 49. Qxh6+ Rh7 50. Qf4 Bf8 51. f7 Qe7 52. Rf6 Rc5 53. Bxh7 Kxh7 54. g5 Qe5 55. g6+ Kh8 56. g7+ Bxg7 57. Rh6+ 1-0

[Event "TUR Cup"]
[Site "Adapazari"]
[Date "2022.03.27"]
[Round "4"]
[White "Sahin, Huseyin"]
[Black "Kul, Ozdemir Efe"]
[Result "0-1"]
[WhiteElo "1788"]
[BlackElo "2042"]
[PlyCount "102"]
[EventDate "2022.03.25"]
[EventType "swiss"]
[EventRounds "11"]
[EventCountry "TUR"]
[SourceTitle "EXT 2023"]
[Source "ChessBase"]
[SourceDate "2022.10.05"]
[SourceVersion "1"]
[SourceVersionDate "2022.10.05"]
[SourceQuality "1"]

1. d4 f5 2. f4 Nf6 3. Nf3 g6 4. e3 Bg7 5. Bc4 e6 6. 0-0 0-0 7. Qe2 b6 8. Nbd2 Bb7 9. c3 h6 10. b3 Kh7 11. Bb2 Re8 12. Bd3 Ne4 13. a4 a6 14. Bc2 d6 15. Nxe4 fxe4 16. Nd2 d5 17. Qg4 Nd7 18. Rf2 Bf8 19. Raf1 Nf6 20. Qe2 h5 21. g3 Bd6 22. h3 Rh8 23. c4 a5 24. g4 hxg4 25. hxg4 c6 26. Bd1 Kg7 27. Rh2 Rxh2 28. Qxh2 Qe7 29. g5 Nh5 30. Nxe4 dxe4 31. Bxh5 Rh8 32. c5 Qxg5+ 33. Qg2 Qxg2+ 34. Kxg2 Rxh5 35. d5+ Kf7 36. dxc6 Bxc6 37. cxd6 Rd5 38. Be5 Rd2+ 39. Kg3 Rd3 40. Rh1 Rxe3+ 41. Kf2 Rxb3 42. Rh7+ Ke8 43. Rh8+ Kd7 44. Rh7+ Ke8 45. Bf6 Rd3 46. Re7+ Kf8 47. Be5 Bxa4 48. Rxe6 e3+ 49. Ke1 Bb5 50. d7 Bxd7 51. Rxb6 Bg4 0-1

[Event "TUR Cup"]
[Site "Adapazari"]
[Date "2022.03.25"]
[Round "1"]
[White "Kul, Ozdemir Efe"]
[Black "Pazarcioglu, Ilker"]
[Result "1-0"]
[WhiteElo "2042"]
[BlackElo "1410"]
[PlyCount "83"]
[EventDate "2022.03.25"]
[EventType "swiss"]
[EventRounds "11"]
[EventCountry "TUR"]
[SourceTitle "EXT 2023"]
[Source "ChessBase"]
[SourceDate "2022.10.05"]
[SourceVersion "1"]
[SourceVersionDate "2022.10.05"]
[SourceQuality "1"]

1. g3 Nf6 2. Bg2 g6 3. c4 Bg7 4. Nc3 0-0 5. e4 d6 6. Nge2 c5 7. 0-0 Nc6 8. h3 a6 9. d3 Rb8 10. Be3 Bd7 11. Qd2 Ne8 12. Kh2 b5 13. cxb5 axb5 14. d4 b4 15. Nd1 cxd4 16. Nxd4 Nc7 17. Rc1 Nxd4 18. Bxd4 Bxd4 19. Qxd4 Ne6 20. Qd2 Bb5 21. Rh1 Nc5 22. Ne3 Bc6 23. Rc4 Qb6 24. Nd5 Bxd5 25. exd5 Rb7 26. Re1 Ra8 27. Qh6 Nd7 28. Rxe7 Nf8 29. Rc6 Qxc6 30. dxc6 Rxe7 31. Qd2 Rxa2 32. Qxd6 Raa7 33. Qxb4 Ne6 34. Qb8+ Kg7 35. b4 Ra2 36. b5 Nc7 37. Qd8 Ree2 38. Qxc7 Rxf2 39. Qe5+ Kg8 40. Qd5 Kf8 41. c7 Rac2 42. b6 1-0

[Event "TUR-chT Clubs"]
[Site "Konya"]
[Date "2019.07.19"]
[Round "6.1"]
[White "Guder, Eyup Sabri"]
[Black "Kul, Ozdemir Efe"]
[Result "1/2-1/2"]
[WhiteElo "1909"]
[BlackElo "1974"]
[PlyCount "67"]
[EventDate "2019.07.16"]
[EventType "team-swiss"]
[EventRounds "9"]
[EventCountry "TUR"]
[SourceTitle "CBM 191 Extra"]
[Source "ChessBase"]
[SourceDate "2019.09.30"]
[SourceVersion "1"]
[SourceVersionDate "2019.09.30"]
[SourceQuality "1"]
[WhiteTeam "Borcelik Bursa Deneyim"]
[BlackTeam "Bitlis Dernegi"]
[WhiteTeamCountry "TUR"]
[BlackTeamCountry "TUR"]

1. c4 Nf6 2. d4 g6 3. Nc3 Bg7 4. Nf3 d6 5. e4 0-0 6. Be2 e5 7. dxe5 dxe5 8. Qxd8 Rxd8 9. Nxe5 Nxe4 10. Nxe4 Bxe5 11. Bg5 Re8 12. Nf6+ Bxf6 13. Bxf6 Bf5 14. Rd1 Nd7 15. Bg5 Ne5 16. 0-0 f6 17. Be3 Ng4 18. Bxg4 Bxg4 19. Rd2 b6 20. Re1 Rad8 21. f3 Rxd2 22. Bxd2 Rxe1+ 23. Bxe1 Be6 24. b3 Kf7 25. Kf2 a6 26. Ke3 Bc8 27. g3 Ke6 28. Bc3 Bb7 29. f4 Bg2 30. a3 h5 31. h4 Bh3 32. Bb2 Bg4 33. Bc3 Bf5 34. Bb2 1/2-1/2

[Event "TUR-chT Clubs"]
[Site "Konya"]
[Date "2019.07.17"]
[Round "2.3"]
[White "Dogan, Osman Fatih"]
[Black "Kul, Ozdemir Efe"]
[Result "1/2-1/2"]
[WhiteElo "1787"]
[BlackElo "1974"]
[PlyCount "102"]
[EventDate "2019.07.16"]
[EventType "team-swiss"]
[EventRounds "9"]
[EventCountry "TUR"]
[SourceTitle "CBM 191 Extra"]
[Source "ChessBase"]
[SourceDate "2019.09.30"]
[SourceVersion "1"]
[SourceVersionDate "2019.09.30"]
[SourceQuality "1"]
[WhiteTeam "Engin Gulec Genclik"]
[BlackTeam "Bitlis Dernegi"]
[WhiteTeamCountry "TUR"]
[BlackTeamCountry "TUR"]

1. e4 c5 2. Nc3 Nc6 3. Bb5 e5 4. d3 Nge7 5. f4 d6 6. Nf3 a6 7. Bxc6+ Nxc6 8. 0-0 h6 9. Nd5 exf4 10. Bxf4 g5 11. Bg3 Bg7 12. Nd2 b5 13. a4 Rb8 14. axb5 axb5 15. c4 0-0 16. cxb5 Ne5 17. Qb3 Bd7 18. Nc3 Nxd3 19. Qd5 Nxb2 20. Qb3 Nd3 21. Ra6 Be6 22. Nd5 Ne5 23. Nc4 Bxd5 24. exd5 Nxc4 25. Qxc4 Rb6 26. Re1 Qc7 27. h3 Rfb8 28. Qa4 Qd7 29. Kh1 Bf8 30. Rxb6 Rxb6 31. Qa8 Qb7 32. Qd8 Qb8 33. Qd7 Rb7 34. Qc6 Rb6 35. Re8 Qa7 36. Bxd6 Rxc6 37. dxc6 Qa1+ 38. Kh2 Qf6 39. Bg3 h5 40. c7 Kh7 41. c8Q h4 42. Be5 Bd6 43. Rh8+ Kg6 44. Rg8+ Kh7 45. Rh8+ Kg6 46. Qg8+ Kf5 47. Bxd6 Qxd6+ 48. Kg1 Qd1+ 49. Kh2 Qd6+ 50. Kg1 Qd1+ 51. Kf2 Qd2+ 1/2-1/2

[Event "TUR Cup"]
[Site "Antalya"]
[Date "2019.01.31"]
[Round "7"]
[White "Arat, Ufuk Sezen"]
[Black "Kul, Ozdemir Efe"]
[Result "1-0"]
[WhiteElo "2361"]
[BlackElo "1998"]
[PlyCount "57"]
[EventDate "2019.01.27"]
[EventType "swiss"]
[EventRounds "11"]
[EventCountry "TUR"]
[SourceTitle "CBM 188 Extra"]
[Source "ChessBase"]
[SourceDate "2019.02.28"]
[SourceVersion "1"]
[SourceVersionDate "2019.02.28"]
[SourceQuality "1"]

1. d4 Nf6 2. Nf3 g6 3. Nbd2 Bg7 4. e4 d6 5. Bd3 Nc6 6. 0-0 0-0 7. Re1 Nd7 8. c3 e5 9. Nb3 h6 10. Be3 f5 11. exf5 gxf5 12. dxe5 f4 13. Bd4 Ndxe5 14. Nxe5 Nxe5 15. Bxe5 Bxe5 16. Nd4 Bxd4 17. cxd4 c6 18. Qb3+ Kh8 19. d5 Qg5 20. Qc3+ Qg7 21. Qxg7+ Kxg7 22. dxc6 bxc6 23. Re7+ Rf7 24. Rxf7+ Kxf7 25. Rc1 Be6 26. Rxc6 Bxa2 27. Rxd6 Rb8 28. Ra6 Rxb2 29. Rxa2 1-0

[Event "TUR Cup"]
[Site "Antalya"]
[Date "2019.01.28"]
[Round "2"]
[White "Kul, Ozdemir Efe"]
[Black "Kiyagan, Erhan"]
[Result "1-0"]
[WhiteElo "1998"]
[BlackElo "1714"]
[PlyCount "61"]
[EventDate "2019.01.27"]
[EventType "swiss"]
[EventRounds "11"]
[EventCountry "TUR"]
[SourceTitle "CBM 188 Extra"]
[Source "ChessBase"]
[SourceDate "2019.02.28"]
[SourceVersion "1"]
[SourceVersionDate "2019.02.28"]
[SourceQuality "1"]

1. e4 e5 2. Nc3 Nc6 3. g3 Bc5 4. Bg2 Nge7 5. Nge2 0-0 6. Na4 Bb6 7. c4 Bd4 8. 0-0 d6 9. Nxd4 Nxd4 10. d3 Bd7 11. Nc3 Qc8 12. Be3 Nec6 13. Nd5 f5 14. b4 Qd8 15. b5 Na5 16. Qd2 Nab3 17. axb3 Nxb3 18. Qb4 Nxa1 19. Rxa1 c6 20. bxc6 bxc6 21. exf5 Bxf5 22. Nc3 Bxd3 23. Bxc6 Rb8 24. Nb5 Kh8 25. Rxa7 e4 26. Bd4 Rg8 27. Qb2 Qg5 28. h4 Qg4 29. Bd5 Qd1+ 30. Kh2 Qf3 31. Bxg7+ 1-0